Państwa świata z literą K - Statystyki

Ogólne statystyki
  • Ten quiz został rozwiązany 2 763 razy
    2 762 od ostatniego zresetowania
  • Średni wynik to 36 z 50
Statystyki odpowiedzi
Państwa % Poprawnych
Kanada
90%
Korea Południowa
89%
Korea Północna
88%
Demokratyczna Republika Konga
87%
Kazachstan
86%
Kirgistan
84%
Kolumbia
84%
Kongo
84%
Kenia
83%
Kostaryka
82%
Kosowo
81%
Polska
81%
Wielka Brytania
81%
Kambodża
80%
Kuba
80%
Republika Południowej Afryki
79%
Kuwejt
77%
Ukraina
77%
Katar
75%
Meksyk
75%
Turkmenistan
75%
Kamerun
74%
Pakistan
74%
Kiribati
73%
Republika Środkowoafrykańska
73%
Irak
72%
Tadżykistan
72%
Watykan
72%
Uzbekistan
71%
Republika Zielonego Przylądka
70%
Komory
69%
Zjednoczone Emiraty Arabskie
69%
Dominika
68%
Luksemburg
68%
Maroko
68%
Dominikana
67%
Ekwador
67%
Wybrzeże Kości Słoniowej
66%
Arabia Saudyjska
64%
Monako
64%
Jamajka
63%
Nikaragua
61%
Mikronezja
60%
Madagaskar
59%
Wyspy Świętego Tomasza i Książęca
59%
Saint Kitts i Nevis
57%
Gwinea Równikowa
56%
Mozambik
55%
Burkina Faso
54%
Sri Lanka
52%
Nie znaleziono quizów pasujących do podanych kryteriów
Rozkład punktacji
Procent ludzi z każdym wynikiem
Percentyl według liczby udzielonych odpowiedzi
Twoja historia wyników
Nie rozwiązałeś tego quizu od ostatniego zresetowania